000 00461nam a2200181Ia 4500
005 20250508150810.0
008 008 250505s9999 xx 000 0 eng d
037 _aTextual
040 _aFEDL
_beng
_cFEDL
041 _aeng
_2eng
084 _a379.11, DEY
_qFEDL
100 _aDe Young Chris A
245 0 _aBudgeting in public schools
260 _c1946
300 _axiv,610p
942 _cTEXL
_h379.11, DEY
999 _c1325730
_d1325730